| 000 | 00000nam##2200000za#4500 |
| 001 | 9.641525 |
| 003 | CaOODSP |
| 005 | 20210624223242 |
| 007 | cr ||||||||||| |
| 008 | 150407|2006||||xxc|||||o f|0| 0 fre|d |
| 040 | |aCaOODSP|bfre |
| 043 | |an-cn--- |
| 086 | 1 |aH129-26/2006F-PDF |
| 110 | 1 |aCanada. |bSanté Canada.|bDirection générale de la santé environnementale et de la sécurité des consommateurs. |
| 245 | 10|aRecommandations pour la qualité de l'eau potable au Canada - document technique : |h[ressource électronique]|bles coliformes totaux / |c[par] Bureau de la qualité de l'eau et de la santé. |
| 260 | |aOttawa - Ontario : |bSanté Canada. |cFévrier 2006. |
| 300 | |a42p.|bfigures, références, tableaux |
| 590 | |a13-06-Supp|b2013-03-19 |
| 691 | 07|aEau potable|2gcpds |
| 775 | 08|tGuidelines for Canadian drinking water quality - guideline technical document : |w(CaOODSP)9.697486 |
| 856 | 40|ahttp://publications.gc.ca|qPDF|s337 Ko|uhttps://publications.gc.ca/collections/collection_2013/sc-hc/H129-26-2006-fra.pdf |